LEADER 01181nam a2200241 4500 001 000000348158 003 CaOOAMICUS 005 20211123115917.0 008 211014s2021 it a 000 u ita r 040 $aSeMil$bita 100 1 $aCorbari, Giuseppe,$d<1969- >.$0(OLS)http://semarc/name/77500 245 10$aCinque sassi e due pietre :$bDavide: il racconto di un'avventura tra amicizia e smarrimenti /$cGiuseppe Corbari. 264 1$aRobbiano di Giussano :$bSelf-editing,$c2021. 300 $a229 p. :$bill. ;$c17 cm 541 0 $aOmaggio mons. Mario Delpini (2V I 427) 600 04$aDavid .$0(OLS)http://semarc/subject/15813 850 $aSeMil 852 $aSeMil$W1$xVenegono$y1$m2V I 57$j264125$B239197$CSeMilBibl$Z2$F239197 $81 941 1 $a7 961 $aOmaggio mons. Mario Delpini. -- Con dedica autografa dell'autore (don Giuseppe Corbari) a mons. Mario Delpini (8 settembre 2021) 996 $6245$aCinque sassi e due pietre :$bDavide: il racconto di un'avventura tra amicizia e smarrimenti$9(OLS)http://semarc/title/437497 996 $6264$aRobbiano di Giussano :$bSelf-editing$9(OLS)http://semarc/publisher/58879 LEADER 01059nam a2200265 i 4500 001 000000065875 003 CaOOAMICUS 005 20100629000000.0 008 100629s1993 it u000 u ita u 013 $a37047 020 $a88-384-1915-9 040 $aSeMil$bita 100 1 $aCasale, Giuseppe .$0(OLS)http://semarc/name/15699 245 10$aNuova religiosità e nuova evangelizzazione /$cGiuseppe Casale. 260 $aCasale Monferrato (AL) :$bPiemme,$c1993. 300 $a108 p. ;$c21 cm. 500 $aContiene : Bibliografia. - Fondo Card. C.M. Martini. 650 4$aSette cristiane.$0(OLS)http://semarc/subject/5384 850 $aSeMil 852 $aSeMil$W1$xVenegono$y1$m2F V 216$j32028$B32028$CSeMilBibl$Z2$F32031 $81 941 1 $a4 961 $aOmaggio: Aceti don Guido 996 $6020$a88-384-1915-9$9(OLS)http://semarc/number/43349 996 $6245$aNuova religiosità e nuova evangelizzazione$9(OLS)http://semarc/title/104640 996 $6260$aCasale Monferrato (AL) :$bPiemme$9(OLS)http://semarc/publisher/30052